000 00322pab a2200145 454500
008 180718b1988 xxu||||| |||| 00| 0 eng d
100 _aPatel, A.R.
245 _aAction plan for social forestry
260 _c1988
300 _a375-80
362 _aMay
650 _aForests
773 _aKhadi Gramodyog
909 _a8854
999 _c8854
_d8854